Zákoník práce a předpisy souvisící

Guardado en:
Detalles Bibliográficos
Autor principal: Bernard, František
Formato: Libro
Lenguaje:checo
Publicado: Praha Práce 1984
Edición:10. uprav. a dopln. vyd.
Etiquetas: Agregar Etiqueta
Sin Etiquetas, Sea el primero en etiquetar este registro!

MARC

LEADER 00000nam a2200000 4500
001 c117072
005 20050302095223.1
041 0 |a cze 
044 |a CZ 
245 1 0 |a Zákoník práce a předpisy souvisící  |c Uspořádal František Bernard a kol. 
250 |a 10. uprav. a dopln. vyd. 
264 1 |a Praha  |b Práce  |c 1984 
300 |a 450 s. 
100 1 |a Bernard, František